|
|
|
|
| LEADER |
00000nab a2200000 a 4500 |
| 001 |
vtls001523830 |
| 003 |
SK-MaSNL |
| 005 |
20260304135822.0 |
| 008 |
250505c2005 xo |r|p|||an |000 b|slo |
| 015 |
|
|
|a SNBRB2005/04
|
| 035 |
|
|
|a (uuid)95b0718c-ab0b-43d7-be13-26c0d5c26000
|
| 035 |
|
|
|a urn:nbn:sk:snk-ab7jtp
|
| 035 |
|
|
|a (urnnbn)urn:nbn:sk:snk:ar-005z2i
|
| 038 |
|
|
|a SPK
|
| 040 |
|
|
|a SNKBUCL
|b slo
|c SNKBUCL
|e AACR2
|
| 041 |
0 |
|
|a slo
|b eng
|b slo
|
| 044 |
|
|
|a xo
|c SK
|
| 080 |
|
|
|a 37.048
|2 1997
|
| 080 |
|
|
|a 159.922.7
|2 1997
|
| 100 |
1 |
|
|a Trlicová, Katarína
|4 aut
|9 807622
|
| 245 |
1 |
0 |
|a Linka detskej istoty ako jedna z foriem dištančného poradenstva pre deti a mládež
|c Katarína Trlicová, Eva Dzurindová
|
| 300 |
|
|
|b Grafy
|
| 504 |
|
|
|a Bibliogr. odkazy
|
| 546 |
|
|
|a Res. angl., slov.
|
| 650 |
0 |
7 |
|a Linka dôvery
|2 spk
|9 885812
|
| 650 |
0 |
7 |
|a psychologická služba
|2 spk
|9 1080567
|
| 650 |
0 |
7 |
|a poradenstvo
|2 spk
|9 3604
|
| 773 |
0 |
|
|t Pedagogická revue
|g Roč. 57, č. 1 (2005), s. 22-33
|x 1335-1982
|
| 850 |
|
|
|a Slovenská národná knižnica
|
| 852 |
|
|
|a Slovenská národná knižnica
|
| 954 |
|
|
|a odborná, vedecká literatúra pôvodná (slovenská)
|2 lita
|
| 958 |
|
|
|a article7
|
| 958 |
|
|
|a OND
|
| 958 |
|
|
|a EUIPO
|
| 999 |
|
|
|c 2912332
|d 2914262
|